Thinking, Fast and Slow / (Record no. 2647)

000 -LEADER
fixed length control field 00557nam a2200217Ia 4500
007 - PHYSICAL DESCRIPTION FIXED FIELD--GENERAL INFORMATION
fixed length control field ta
008 - FIXED-LENGTH DATA ELEMENTS--GENERAL INFORMATION
fixed length control field 230120t2012||||uk ad||gd|||||||1 ||eng||
020 ## - INTERNATIONAL STANDARD BOOK NUMBER
International Standard Book Number 9780141033570
Terms of availability Rs. 699.00
040 ## - CATALOGING SOURCE
Original cataloging agency IMU Kochi Library
Language of cataloging eng
041 0# - LANGUAGE CODE
Language code of text/sound track or separate title eng
044 ## - COUNTRY OF PUBLISHING/PRODUCING ENTITY CODE
MARC country code United Kingdom
082 04 - DEWEY DECIMAL CLASSIFICATION NUMBER
Classification number 153.42
Item number K1225
Edition number 23
100 1# - MAIN ENTRY--PERSONAL NAME
Personal name Kahneman, Daniel
245 10 - TITLE STATEMENT
Title Thinking, Fast and Slow /
260 ## - PUBLICATION, DISTRIBUTION, ETC. (IMPRINT)
Place of publication, distribution, etc UK :
Name of publisher, distributor, etc Penguin Random House,
Date of publication, distribution, etc 2012
300 ## - PHYSICAL DESCRIPTION
Extent 499 p.
Other physical details : ill.
Dimensions ; 20 cm.
650 #0 - SUBJECT ADDED ENTRY--TOPICAL TERM
Topical term or geographic name as entry element Thought and thinking
Form subdivision Textbooks
852 ## - LOCATION/CALL NUMBER
Location IMU Kochi Library
904 ## - LOCAL DATA ELEMENT D, LDD (RLIN)
CATALOGER Akhil Bose
942 ## - ADDED ENTRY ELEMENTS (KOHA)
Item type Books
Holdings
Withdrawn status Lost status Source of classification or shelving scheme Damaged status Not for loan Collection code Permanent location Current location Shelving location Date acquired Source of acquisition Cost, normal purchase price Full call number Barcode Date last seen Koha item type Public note Total Checkouts Date last borrowed
          Management Studies IMU Kochi Library IMU Kochi Library General Stacks 2023-01-20 M/S Technical Bureau India Pvt. Ltd (Inv. No. TB2811 Dt. 2023-01-14) 699.00 153.42 K1225 BK005941 2023-02-13 Books Gen. Shelf-2, Row-4    
          Management Studies IMU Kochi Library IMU Kochi Library General Stacks 2023-01-20 M/S Technical Bureau India Pvt. Ltd (Inv. No. TB2811 Dt. 2023-01-14) 699.00 153.42 K1225 BK005942 2023-02-13 Books Gen. Shelf-2, Row-4    
          Management Studies IMU Kochi Library IMU Kochi Library General Stacks 2023-01-20 M/S Technical Bureau India Pvt. Ltd (Inv. No. TB2811 Dt. 2023-01-14) 699.00 153.42 K1225 BK005943 2024-03-13 Books Gen. Shelf-2, Row-4 2 2024-02-23


Copyright © All Rights Reserved by Indian Maritime University, Kochi Campus.
For any Suggestions/Query Contact to library or Email: library.kochi@imu.ac.in Ph:(0484)-2989402
(Web OPAC Designed by Rudra Ranjan. Maintained by IMU Kochi Library)

Powered by Koha